Viaje electoral, hecho con la bolsa a cuestas y el cuerpo molido a palos, por Barvic a los infiernos del sufragio universal / (Registro nro. 30243)
[ vista simple ]
| 000 -LEADER | |
|---|---|
| campo de control de longitud fija | 00707nam a2200193 i 4500 |
| 001 - NÚMERO DE CONTROL | |
| campo de control | 30243 |
| 003 - IDENTIFICADOR DE NÚMERO DE CONTROL | |
| campo de control | ES-MaACL |
| 005 - FECHA Y HORA DE LA ÚLTIMA TRANSACCIÓN | |
| campo de control | 20250726063032.0 |
| 007 - CAMPO FIJO DE DESCRIPCIÓN FÍSICA--INFORMACIÓN GENERAL | |
| campo de control de longitud fija | t| |
| 008 - DATOS DE LONGITUD FIJA--INFORMACIÓN GENERAL | |
| campo de control de longitud fija | 030124s1872 sp ||||1| spa d |
| 100 1# - ENTRADA PRINCIPAL--NOMBRE DE PERSONA | |
| Nombre de persona | Barrantes, Vicente, |
| Fechas asociadas al nombre | 1829-1898 |
| 9 (RLIN) | 25851 |
| 245 10 - MENCIÓN DEL TÍTULO | |
| Título | Viaje electoral, hecho con la bolsa a cuestas y el cuerpo molido a palos, por Barvic a los infiernos del sufragio universal / |
| Mención de responsabilidad, etc. | Vicente Barrantes. |
| 260 ## - PUBLICACIÓN, DISTRIBUCIÓN, ETC. | |
| Lugar de publicación, distribución, etc. | Madrid : |
| Nombre del editor, distribuidor, etc. | [s.n., |
| Fecha de publicación, distribución, etc. | 1872] ( |
| Fabricante | Imp. Viuda e hijos de Galiano) |
| 300 ## - DESCRIPCIÓN FÍSICA | |
| Extensión | 207 p. ; |
| Dimensiones | 21 cm. |
| 500 ## - NOTA GENERAL | |
| Nota general | La portada y primeras hojas están rotas. |
| 650 #4 - PUNTO DE ACCESO ADICIONAL DE MATERIA--TÉRMINO DE MATERIA | |
| Término de materia o nombre geográfico como elemento de entrada | Sufragio universal- |
| Subdivisión geográfica | España. |
| 9 (RLIN) | 163144 |
| 852 ## - LOCALIZACIÓN | |
| Ubicación | ES-MaACL |
| Número de control de estantería | T-192-F-3 |
| Estatus retirado | Estado de pérdida | Estado de daño | No para préstamo | Colección | Biblioteca de origen | Biblioteca actual | Ubicación en estantería | Fecha de adquisición | Fuente de adquisición | Total de préstamos | Signatura topográfica completa | Código de barras | Visto por última vez | Precio de reemplazo | Tipo de ítem Koha |
|---|---|---|---|---|---|---|---|---|---|---|---|---|---|---|---|
| Colección de folletos | Biblioteca del Ateneo de Madrid | Biblioteca del Ateneo de Madrid | Depósito folletos | 17/01/2008 | T-192-F-3 | 1031222 | 23/02/2023 | 23/02/2023 | Folleto |
